[Event "Ayvalik Kumru"]
[Site "Ayvalik"]
[Date "2022.02.09"]
[Round "2"]
[White "Camlar, Arda"]
[Black "Annaberdiev, Meilis"]
[Result "0-1"]
[WhiteElo "2288"]
[BlackElo "2503"]
[PlyCount "102"]
[EventDate "2022.02.08"]
[EventType "schev"]
[EventRounds "9"]
[EventCountry "TUR"]
[SourceTitle "CBM 206 Extra"]
[Source "ChessBase"]
[SourceDate "2022.03.31"]
[SourceVersion "1"]
[SourceVersionDate "2022.03.31"]
[SourceQuality "1"]
[WhiteTeam "Team A"]
[BlackTeam "Team C"]
[WhiteTeamCountry "TUR"]
[BlackTeamCountry "TUR"]

1. Nf3 Nf6 2. b3 g6 3. Bb2 Bg7 4. d4 0-0 5. e3 c5 6. dxc5 Qa5+ 7. Nbd2 Qxc5 8. a3 Qc7 9. Be2 b6 10. 0-0 Bb7 11. c4 d6 12. Nd4 a6 13. Bf3 Nbd7 14. Bxb7 Qxb7 15. Qf3 Qxf3 16. N4xf3 Rfc8 17. Rac1 Rc7 18. b4 Rac8 19. Rc2 b5 20. Rfc1 Nb6 21. c5 Na4 22. Bd4 Nd7 23. Ne4 dxc5 24. bxc5 f6 25. c6 Nb8 26. g4 Rxc6 27. Rxc6 Rxc6 28. Rd1 Rc4 29. g5 f5 30. Nf6+ exf6 31. gxf6 Nc6 32. fxg7 Nxd4 33. Nxd4 Nb2 34. Rd2 Rc1+ 35. Kg2 Nc4 36. Rd3 Kxg7 37. Ne2 Rc2 38. Nf4 Rd2 39. Rb3 Ra2 40. Rd3 Kf6 41. Nd5+ Kf7 42. Nc7 Rxa3 43. Rd7+ Kf6 44. Rxh7 Ra2 45. Kg3 Nd2 46. Ne8+ Ke6 47. Kf4 Ra4+ 48. Kg5 Rg4+ 49. Kh6 Rh4+ 50. Kxg6 Rxh7 51. Kxh7 b4 0-1

[Event "EU-ch Hybrid U12"]
[Site "Tornelo INT"]
[Date "2021.10.15"]
[Round "7"]
[White "Gordon, Frederick"]
[Black "Camlar, Arda"]
[Result "0-1"]
[WhiteElo "1523"]
[BlackElo "1968"]
[PlyCount "106"]
[EventDate "2021.10.15"]
[EventType "swiss"]
[EventRounds "9"]
[EventCountry "NET"]
[SourceTitle "EXT 2023"]
[Source "ChessBase"]
[SourceDate "2022.10.05"]
[SourceVersion "1"]
[SourceVersionDate "2022.10.05"]
[SourceQuality "1"]
[WhiteTeam "Schottland"]
[BlackTeam "Turkey"]
[WhiteTeamCountry "SCO"]
[BlackTeamCountry "TUR"]

1. e4 c5 2. Nf3 d6 3. Bb5+ Nd7 4. c3 Ngf6 5. Bd3 g6 6. Bc2 Bg7 7. d4 0-0 8. 0-0 b6 9. Qe2 Bb7 10. a4 e6 11. Bf4 Qe7 12. Nbd2 cxd4 13. cxd4 e5 14. dxe5 dxe5 15. Bg5 h6 16. Bh4 Rac8 17. Rfc1 a5 18. Bxf6 Bxf6 19. Qe3 Kg7 20. Bd3 Nc5 21. Bb5 Qe6 22. h3 Rfd8 23. Rab1 Qe7 24. Rd1 Rb8 25. Rbc1 Rd6 26. g3 Rbd8 27. Rf1 Bg5 28. Nxg5 Rxd2 29. Nf3 Rxb2 30. Qc3 Rb3 31. Qxe5+ Qf6 32. Qxf6+ Kxf6 33. e5+ Kf5 34. e6 fxe6 35. Ne1 Kf6 36. Nc2 h5 37. h4 Ne4 38. Bc4 Rc3 39. Ne3 Rd2 40. Rxc3 Nxc3 41. Rc1 Nxa4 42. Bb5 Nc5 43. Nc4 Nb3 44. Rb1 Rd4 45. Ne3 Rb4 46. Bc4 Nd2 47. Rxb4 axb4 48. Bd3 Bf3 49. Nc4 Nxc4 50. Bxc4 Ke5 51. Kf1 Kd4 52. Ba2 Bd5 53. Bb1 Be4 0-1

[Event "Titled Tuesday intern op 04th May"]
[Site "Chess.com INT"]
[Date "2021.05.04"]
[Round "3"]
[White "Alboredo, Julia"]
[Black "Camlar, Arda"]
[Result "1-0"]
[WhiteElo "2182"]
[BlackElo "1934"]
[PlyCount "91"]
[EventDate "2021.05.04"]
[EventType "swiss (blitz)"]
[EventRounds "11"]
[EventCountry "USA"]
[SourceTitle "CBM 202 Extra"]
[Source "ChessBase"]
[SourceDate "2021.07.31"]
[SourceVersion "1"]
[SourceVersionDate "2021.07.31"]
[SourceQuality "1"]

1. e4 c5 2. Nf3 e6 3. b3 Nc6 4. Bb2 Nge7 5. Bb5 a6 6. Bxc6 Nxc6 7. 0-0 d6 8. d4 cxd4 9. Nxd4 e5 10. Nf3 Be7 11. c4 Bg4 12. h3 Bh5 13. Qd3 0-0 14. Nc3 Bg6 15. Rad1 f5 16. exf5 Bxf5 17. Qe3 Qe8 18. Nd5 Qf7 19. Ng5 Bxg5 20. Qxg5 h6 21. Qg3 Rad8 22. f4 e4 23. Ne3 Ne7 24. Rd2 Qg6 25. Nxf5 Rxf5 26. Qxg6 Nxg6 27. g3 h5 28. Rfd1 h4 29. Rxd6 Rxd6 30. Rxd6 Kh7 31. Rd7 hxg3 32. Bxg7 Nxf4 33. Be5+ Kg6 34. Bxf4 Rxf4 35. Kg2 Rf3 36. Re7 Re3 37. Rxb7 Kf5 38. Rf7+ Kg5 39. Re7 Kf4 40. Rf7+ Kg5 41. c5 Rc3 42. b4 Kh4 43. Rf4+ Kg5 44. Rxe4 Rc2+ 45. Kxg3 Rxa2 46. Rc4 1-0

[Event "Titled Tuesday intern op 04th May"]
[Site "Chess.com INT"]
[Date "2021.05.04"]
[Round "1"]
[White "Camlar, Arda"]
[Black "Marin Masis, Jose Esteban"]
[Result "1-0"]
[WhiteElo "1934"]
[BlackElo "1938"]
[PlyCount "58"]
[EventDate "2021.05.04"]
[EventType "swiss (blitz)"]
[EventRounds "11"]
[EventCountry "USA"]
[SourceTitle "CBM 202 Extra"]
[Source "ChessBase"]
[SourceDate "2021.07.31"]
[SourceVersion "1"]
[SourceVersionDate "2021.07.31"]
[SourceQuality "1"]

1. c4 Nf6 2. Nc3 e6 3. Nf3 c5 4. g3 b6 5. Bg2 Bb7 6. 0-0 Be7 7. d4 cxd4 8. Qxd4 0-0 9. Rd1 Nc6 10. Qd2 Qc7 11. Nb5 Qc8 12. Nd6 Bxd6 13. Qxd6 Qb8 14. Bf4 Qxd6 15. Bxd6 Rfd8 16. Nd4 Rac8 17. b3 Ne8 18. Nxc6 dxc6 19. Be7 Rxd1+ 20. Rxd1 Nf6 21. Bxf6 gxf6 22. Rd7 Rb8 23. Bf3 Kf8 24. Bh5 c5 25. Rxf7+ Kg8 26. Rd7 h6 27. Bf7+ Kf8 28. Bxe6 Ke8 29. Rh7 Kd8 1-0

[Event "Titled Tuesday intern op 27th Apr"]
[Site "Chess.com INT"]
[Date "2021.04.27"]
[Round "2"]
[White "Acor, Corey B"]
[Black "Camlar, Arda"]
[Result "1-0"]
[WhiteElo "2223"]
[BlackElo "1934"]
[PlyCount "59"]
[EventDate "2021.04.27"]
[EventType "swiss (blitz)"]
[EventRounds "11"]
[EventCountry "USA"]
[SourceTitle "CBM 202 Extra"]
[Source "ChessBase"]
[SourceDate "2021.07.31"]
[SourceVersion "1"]
[SourceVersionDate "2021.07.31"]
[SourceQuality "1"]

1. e4 c5 2. Nc3 Nc6 3. g3 g6 4. Bg2 Bg7 5. d3 d6 6. Be3 e6 7. Nf3 Nge7 8. d4 cxd4 9. Nxd4 0-0 10. 0-0 a6 11. f4 Qc7 12. Qd2 b5 13. f5 exf5 14. Nxc6 Nxc6 15. exf5 Bxf5 16. Nd5 Qd8 17. c3 Ne5 18. Rxf5 gxf5 19. Bd4 Re8 20. Rf1 Rb8 21. Rxf5 Qd7 22. Rg5 Kh8 23. Qf4 Qe6 24. Nc7 Qxa2 25. Nxe8 Rxe8 26. Qf2 Kg8 27. Qf6 Qb1+ 28. Bf1 Qg6 29. Rxg6 hxg6 30. Qxd6 1-0

[Event "Titled Tuesday intern op 27th Apr"]
[Site "Chess.com INT"]
[Date "2021.04.27"]
[Round "7"]
[White "Camlar, Arda"]
[Black "Mickiewicz, Piotr"]
[Result "0-1"]
[WhiteElo "1934"]
[BlackElo "2247"]
[PlyCount "110"]
[EventDate "2021.04.27"]
[EventType "swiss (blitz)"]
[EventRounds "11"]
[EventCountry "USA"]
[SourceTitle "CBM 202 Extra"]
[Source "ChessBase"]
[SourceDate "2021.07.31"]
[SourceVersion "1"]
[SourceVersionDate "2021.07.31"]
[SourceQuality "1"]

1. Nf3 Nf6 2. g3 g6 3. Bg2 Bg7 4. 0-0 0-0 5. d4 d6 6. c4 Nc6 7. Nc3 Bg4 8. h3 Bxf3 9. Bxf3 Nd7 10. e3 e5 11. d5 Ne7 12. Bg2 f5 13. f4 e4 14. Ne2 Nc5 15. Rb1 a5 16. Nd4 c6 17. dxc6 bxc6 18. b3 Qd7 19. Bb2 Nd3 20. Ba1 Rfb8 21. Qe2 c5 22. Nb5 Bxa1 23. Rxa1 d5 24. Rfd1 Rxb5 25. cxb5 a4 26. Qc2 a3 27. Bf1 Qxb5 28. Bxd3 exd3 29. Qxd3 Qb6 30. Rac1 Rc8 31. Qc3 Kf7 32. Qe5 Qe6 33. Qxe6+ Kxe6 34. Rc3 Kd6 35. Kf2 Nc6 36. Rd2 Nb4 37. g4 h5 38. gxf5 gxf5 39. Rc1 Rg8 40. Rg1 Rxg1 41. Kxg1 Kc6 42. Kf1 c4 43. bxc4 dxc4 44. Ke1 c3 45. Rg2 Kc5 46. Kd1 Kc4 47. e4 fxe4 48. f5 Nd5 49. Rg6 Ne3+ 50. Ke2 Nxf5 51. Rc6+ Kd4 52. Ra6 Ng3+ 53. Kd1 e3 54. Kc2 e2 55. Re6 Ne4 0-1

[Event "Titled Tuesday intern op 20th Apr"]
[Site "Chess.com INT"]
[Date "2021.04.20"]
[Round "1"]
[White "Camlar, Arda"]
[Black "Ptacnikova, Lenka"]
[Result "1-0"]
[WhiteElo "1934"]
[BlackElo "2107"]
[PlyCount "87"]
[EventDate "2021.04.20"]
[EventType "swiss (blitz)"]
[EventRounds "11"]
[EventCountry "USA"]
[SourceTitle "CBM 202 Extra"]
[Source "ChessBase"]
[SourceDate "2021.07.31"]
[SourceVersion "1"]
[SourceVersionDate "2021.07.31"]
[SourceQuality "1"]

1. c4 e5 2. Nc3 Nf6 3. g3 d5 4. cxd5 Nxd5 5. Bg2 Nb6 6. Nf3 Nc6 7. 0-0 Be7 8. d3 0-0 9. Bd2 a5 10. Rc1 Be6 11. a3 f6 12. Na4 Nxa4 13. Qxa4 Bd5 14. Bc3 Bc5 15. Qb5 Bb6 16. Nd2 Bxg2 17. Kxg2 Nd4 18. Bxd4 Qxd4 19. Qc4+ Qxc4 20. Nxc4 Bd4 21. e3 Bb6 22. Nxb6 cxb6 23. Rc7 Rf7 24. Rfc1 Re8 25. Kf3 Rfe7 26. Ke4 Kf7 27. Rxe7+ Rxe7 28. g4 g6 29. Rc3 Ke6 30. Rb3 f5+ 31. gxf5+ gxf5+ 32. Kf3 Kd5 33. Rxb6 e4+ 34. dxe4+ fxe4+ 35. Ke2 Kc5 36. Rb3 b5 37. Rc3+ Kd5 38. b4 axb4 39. axb4 Rb7 40. Rc5+ Kd6 41. Rh5 Ke6 42. Kd2 Rd7+ 43. Kc3 Rd3+ 44. Kc2 1-0

[Event "Titled Tuesday intern op 20th Apr"]
[Site "Chess.com INT"]
[Date "2021.04.20"]
[Round "2"]
[White "Gadimbayli, Abdulla Azar"]
[Black "Camlar, Arda"]
[Result "1/2-1/2"]
[WhiteElo "2470"]
[BlackElo "1934"]
[PlyCount "182"]
[EventDate "2021.04.20"]
[EventType "swiss (blitz)"]
[EventRounds "11"]
[EventCountry "USA"]
[SourceTitle "CBM 202 Extra"]
[Source "ChessBase"]
[SourceDate "2021.07.31"]
[SourceVersion "1"]
[SourceVersionDate "2021.07.31"]
[SourceQuality "1"]

1. e4 c5 2. Nf3 e6 3. d4 cxd4 4. Nxd4 a6 5. Bd3 Nc6 6. Nxc6 dxc6 7. 0-0 e5 8. f4 Bc5+ 9. Kh1 Nf6 10. f5 b5 11. Bg5 Bb7 12. Nd2 h6 13. Bh4 Bd4 14. Rb1 c5 15. b3 Be3 16. Nf3 Qd6 17. Bxb5+ Ke7 18. Qxd6+ Kxd6 19. Rbd1+ Kc7 20. Bc4 Nxe4 21. Nxe5 f6 22. Rd7+ Kb6 23. Nf3 Rad8 24. Rfd1 Rxd7 25. Rxd7 Bc6 26. Rd1 Re8 27. Bd3 Nf2+ 28. Bxf2 Bxf2 29. Rf1 Bxf3 30. gxf3 Re1 31. Kg2 Rxf1 32. Bxf1 Bd4 33. Bc4 a5 34. Kh3 Kc7 35. Kg4 Kd6 36. h4 Bf2 37. Kh5 Ke5 38. Be6 Be1 39. Kg4 Bf2 40. Bd7 Be1 41. Bc6 h5+ 42. Kxh5 Kxf5 43. Bd7+ Kf4 44. Bc6 Kf5 45. Be4+ Kf4 46. Kg6 Bxh4 47. Kxg7 f5 48. Bc6 Ke3 49. Kg6 f4 50. Kf5 Be1 51. Ke5 Bb4 52. Be4 Bc3+ 53. Kd5 Bb4 54. Kc4 Kd2 55. Kb5 Kc3 56. Kc6 Kd4 57. Kb5 Kc3 58. Kb6 Kb2 59. Kc6 Kxa2 60. Kd5 Kb2 61. Ke5 Bd2 62. Kd5 Be3 63. Kc4 Ka3 64. Kb5 Kb2 65. Kxa5 Kc3 66. Kb5 Bf2 67. Kc6 Be3 68. Kd5 Bf2 69. Ke5 Be3 70. Bd3 Kb4 71. Bc4 Kc3 72. Bd3 Bd2 73. Ke4 Be3 74. Kd5 Bf2 75. Ke4 Be3 76. Kd5 Bf2 77. Bg6 Be3 78. Kd6 Bf2 79. Ke6 Be3 80. Kd5 Bf2 81. Kc6 Be3 82. Kb5 Bf2 83. Ka4 Be3 84. Be4 Bf2 85. b4 cxb4 86. Bg6 Be3 87. Be4 Bf2 88. Bg6 Bd4 89. Bf7 Bc5 90. Bg6 Be3 91. Be4 Bf2 1/2-1/2

[Event "Titled Tuesday intern op 30th Mar"]
[Site "Chess.com INT"]
[Date "2021.03.30"]
[Round "2"]
[White "Camlar, Arda"]
[Black "Ozen, Bahadir"]
[Result "1/2-1/2"]
[WhiteElo "1934"]
[BlackElo "2369"]
[PlyCount "40"]
[EventDate "2021.03.30"]
[EventType "swiss (blitz)"]
[EventRounds "11"]
[EventCountry "USA"]
[SourceTitle "CBM 201 Extra"]
[Source "ChessBase"]
[SourceDate "2021.05.31"]
[SourceVersion "1"]
[SourceVersionDate "2021.05.31"]
[SourceQuality "1"]

1. d4 d6 2. Bf4 g6 3. Nf3 Bg7 4. Nbd2 Nd7 5. e3 e5 6. dxe5 dxe5 7. Bg3 Nh6 8. e4 f6 9. Bc4 Nf7 10. 0-0 0-0 11. c3 Qe7 12. b4 a5 13. a3 Nb6 14. Bb3 Be6 15. Qc2 Rfd8 16. Rfd1 Bh6 17. Bh4 c6 18. Bxe6 Qxe6 19. Qb3 Qxb3 20. Nxb3 axb4 1/2-1/2

[Event "EU-Cup Online Gr-F"]
[Site "Tornelo INT"]
[Date "2021.03.28"]
[Round "5.4"]
[White "Camlar, Arda"]
[Black "Saatdjian, Stephane"]
[Result "1-0"]
[WhiteElo "1934"]
[BlackElo "2131"]
[PlyCount "115"]
[EventDate "2021.03.27"]
[EventType "team-tourn (rapid)"]
[EventRounds "9"]
[EventCountry "NET"]
[SourceTitle "CBM 201 Extra"]
[Source "ChessBase"]
[SourceDate "2021.05.31"]
[SourceVersion "1"]
[SourceVersionDate "2021.05.31"]
[SourceQuality "1"]
[WhiteTeam "Apaydin"]
[BlackTeam "Villejuif"]
[WhiteTeamCountry "TUR"]
[BlackTeamCountry "FRA"]

1. g3 c5 2. Bg2 Nc6 3. Nf3 Nf6 4. 0-0 g6 5. d3 Bg7 6. e4 d6 7. Nbd2 0-0 8. c3 Rb8 9. Qe2 b5 10. a4 b4 11. Nc4 Ba6 12. e5 Nxe5 13. Nfxe5 dxe5 14. Nxe5 Rb6 15. c4 Bb7 16. Bxb7 Rxb7 17. Be3 Qd6 18. Nf3 Rd7 19. d4 cxd4 20. Bxd4 Ne8 21. Rad1 Qc7 22. b3 Bxd4 23. Nxd4 Ng7 24. Nc2 a5 25. Ne3 e6 26. Rxd7 Qxd7 27. Rd1 Qc6 28. Ng4 f6 29. Qd3 h5 30. Ne3 Kh7 31. Qd6 Rc8 32. Qxc6 Rxc6 33. Rd7 Kh6 34. Kf1 g5 35. Ra7 Rc5 36. Rb7 Nf5 37. Rb5 Rxb5 38. cxb5 Nd4 39. b6 Kg6 40. b7 Nc6 41. Nc4 Kf5 42. Nxa5 Nb8 43. Nc4 Ke4 44. Ke2 Kd4 45. Kd2 Kc5 46. Kd3 Kc6 47. Kd4 Kxb7 48. Kc5 Kc7 49. Kxb4 Kc6 50. Kc3 Kd5 51. b4 f5 52. a5 h4 53. gxh4 gxh4 54. Ne3+ Ke4 55. b5 Kf3 56. a6 Nd7 57. Nc4 Kg2 58. a7 1-0

[Event "Titled Tuesday intern op 02nd Mar"]
[Site "Chess.com INT"]
[Date "2021.03.02"]
[Round "5"]
[White "Bharath, Subramaniyam H"]
[Black "Camlar, Arda"]
[Result "1/2-1/2"]
[WhiteElo "2437"]
[BlackElo "1934"]
[PlyCount "275"]
[EventDate "2021.03.02"]
[EventType "swiss (blitz)"]
[EventRounds "11"]
[EventCountry "USA"]
[SourceTitle "CBM 201 Extra"]
[Source "ChessBase"]
[SourceDate "2021.05.31"]
[SourceVersion "1"]
[SourceVersionDate "2021.05.31"]
[SourceQuality "1"]

1. e4 c5 2. Nf3 e6 3. d4 cxd4 4. Nxd4 a6 5. c4 Nf6 6. Nc3 d6 7. Be2 Be7 8. Be3 0-0 9. 0-0 Qc7 10. Rc1 Nbd7 11. Qd2 b6 12. f3 Bb7 13. b4 Rac8 14. Nb3 d5 15. exd5 exd5 16. Nxd5 Nxd5 17. cxd5 Qd6 18. Rfd1 Qxb4 19. Qxb4 Bxb4 20. Kf2 g6 21. Nd4 Bc5 22. Nc6 Bxe3+ 23. Kxe3 Rfe8+ 24. Kf2 Nc5 25. Nb4 Rcd8 26. Bc4 Rd6 27. Nd3 Nxd3+ 28. Rxd3 Rc8 29. Rdd1 Rcd8 30. Rc2 Rc8 31. Rdc1 Rcd8 32. Rd2 Rc8 33. Rcc2 Bxd5 34. Bxd5 Rxc2 35. Bxf7+ Kxf7 36. Rxc2 b5 37. Kg3 Kf6 38. Kf4 Rd4+ 39. Ke3 Rd6 40. g4 g5 41. f4 gxf4+ 42. Kxf4 Rd4+ 43. Kg3 Rd3+ 44. Kh4 b4 45. Rc6+ Kg7 46. Rxa6 Rd2 47. h3 Rd3 48. Kh5 Rxh3+ 49. Kg5 h6+ 50. Kf4 Rc3 51. Ke5 Rc4 52. Kf5 Rc5+ 53. Kf4 Rc4+ 54. Kf3 Rc3+ 55. Kf4 Rc4+ 56. Kg3 Rc3+ 57. Kh4 Rc2 58. Ra7+ Kg6 59. Ra6+ Kg7 60. Ra4 Rb2 61. Kg3 b3 62. axb3 Rxb3+ 63. Kh4 Rb7 64. Ra6 Rc7 65. Ra5 Rd7 66. Kh5 Re7 67. Rd5 Rf7 68. Re5 Rd7 69. Rc5 Re7 70. Rd5 Rf7 71. Rd6 Rf1 72. Rg6+ Kf7 73. Kxh6 Rh1+ 74. Kg5 Ra1 75. Rf6+ Kg7 76. Rf5 Ra4 77. Rd5 Ra6 78. Rd7+ Kg8 79. Kh5 Rb6 80. g5 Rc6 81. Re7 Rd6 82. Kg4 Rc6 83. Kf5 Rb6 84. Rd7 Rc6 85. Ra7 Rd6 86. Ra8+ Kg7 87. Ra7+ Kg8 88. Rb7 Rc6 89. Rd7 Rb6 90. Kg4 Rc6 91. Kh5 Rb6 92. Re7 Rc6 93. Re1 Rb6 94. Rf1 Kg7 95. Ra1 Rc6 96. Ra7+ Kg8 97. g6 Rc1 98. Ra8+ Kg7 99. Ra7+ Kg8 100. Kh6 Rh1+ 101. Kg5 Rg1+ 102. Kf6 Rf1+ 103. Ke6 Re1+ 104. Kd5 Rd1+ 105. Ke4 Re1+ 106. Kf5 Rf1+ 107. Kg5 Rg1+ 108. Kf5 Rf1+ 109. Ke4 Re1+ 110. Kf3 Rg1 111. Ra6 Kg7 112. Kf4 Rxg6 113. Ra7+ Kg8 114. Ra8+ Kg7 115. Kf5 Rf6+ 116. Kg5 Rb6 117. Ra7+ Kg8 118. Kf5 Rc6 119. Ke5 Rb6 120. Kd5 Rg6 121. Rc7 Rh6 122. Ke5 Ra6 123. Kf5 Rb6 124. Rc1 Ra6 125. Ke5 Rb6 126. Kd5 Rg6 127. Kc5 Re6 128. Rc4 Re8 129. Rd4 Rc8+ 130. Kb4 Rb8+ 131. Kc3 Rc8+ 132. Kd3 Kf7 133. Ke4 Ke7 134. Rd5 Rd8 135. Re5+ Kf6 136. Kf4 Rd4+ 137. Re4 Rxe4+ 138. Kxe4 1/2-1/2

[Event "Titled Tuesday intern op 02nd Mar"]
[Site "Chess.com INT"]
[Date "2021.03.02"]
[Round "4"]
[White "Camlar, Arda"]
[Black "Djordjevic, Vuk D"]
[Result "1-0"]
[WhiteElo "1934"]
[BlackElo "2350"]
[PlyCount "91"]
[EventDate "2021.03.02"]
[EventType "swiss (blitz)"]
[EventRounds "11"]
[EventCountry "USA"]
[SourceTitle "CBM 201 Extra"]
[Source "ChessBase"]
[SourceDate "2021.05.31"]
[SourceVersion "1"]
[SourceVersionDate "2021.05.31"]
[SourceQuality "1"]

1. d4 e6 2. Bf4 Nf6 3. e3 d5 4. Nf3 Bd6 5. Bg3 0-0 6. Nbd2 c5 7. c3 Qc7 8. Bd3 Nbd7 9. 0-0 e5 10. dxe5 Nxe5 11. Nxe5 Bxe5 12. Nf3 Bxg3 13. hxg3 Re8 14. Qc2 Bg4 15. Bf5 Bxf3 16. gxf3 g6 17. Bd3 h5 18. Kg2 Kg7 19. c4 h4 20. Rh1 hxg3 21. Qc3 Qe5 22. Qxe5 Rxe5 23. f4 Re7 24. Kxg3 d4 25. Kf3 Rae8 26. Rhe1 Ne4 27. Bxe4 Rxe4 28. b3 f5 29. Rad1 Kf6 30. Re2 Rh8 31. Kg2 Rh4 32. Rde1 Rg4+ 33. Kf3 Rh4 34. Kg3 g5 35. fxg5+ Kxg5 36. f4+ Kh5 37. exd4 Rg4+ 38. Kh3 Rxd4 39. Re8 Rd3+ 40. Kh2 Rd2+ 41. Kh3 Rd3+ 42. Kh2 Rxf4 43. Rh8+ Kg4 44. Rg1+ Kf3 45. Rg3+ Ke4 46. Re8+ 1-0

[Event "Titled Tuesday intern op 02nd Mar"]
[Site "Chess.com INT"]
[Date "2021.03.02"]
[Round "9"]
[White "Camlar, Arda"]
[Black "Erdogdu, Mert"]
[Result "0-1"]
[WhiteElo "1934"]
[BlackElo "2396"]
[PlyCount "92"]
[EventDate "2021.03.02"]
[EventType "swiss (blitz)"]
[EventRounds "11"]
[EventCountry "USA"]
[SourceTitle "CBM 201 Extra"]
[Source "ChessBase"]
[SourceDate "2021.05.31"]
[SourceVersion "1"]
[SourceVersionDate "2021.05.31"]
[SourceQuality "1"]

1. d4 Nf6 2. Bf4 g6 3. e3 Bg7 4. Nf3 0-0 5. Nbd2 d6 6. h3 c5 7. c3 Nc6 8. Bh2 cxd4 9. exd4 e5 10. dxe5 dxe5 11. Nc4 e4 12. Qxd8 Rxd8 13. Nfe5 Nxe5 14. Bxe5 Be6 15. Ne3 Nh5 16. Bxg7 Kxg7 17. g3 f5 18. Be2 Nf6 19. b3 g5 20. Rg1 Rac8 21. c4 Nd7 22. 0-0-0 Ne5 23. Kc2 Kf6 24. Kc3 f4 25. Rxd8 Rxd8 26. gxf4 gxf4 27. Ng4+ Bxg4 28. Bxg4 Rd3+ 29. Kb4 Rd2 30. Re1 Nxg4 31. hxg4 Ke5 32. f3 e3 33. Kc3 Rf2 34. Rh1 Rxf3 35. Kd3 Rf2 36. Rxh7 Rd2+ 37. Kc3 Rxa2 38. Rxb7 f3 39. Re7+ Kf4 40. c5 Ra6 41. b4 f2 42. Kd3 Ra3+ 43. Ke2 Ra2+ 44. Kf1 Kf3 45. Rf7+ Kg3 46. c6 e2# 0-1

[Event "Titled Tuesday intern op 02nd Mar"]
[Site "Chess.com INT"]
[Date "2021.03.02"]
[Round "2"]
[White "Camlar, Arda"]
[Black "Mendonca, Leon Luke"]
[Result "0-1"]
[WhiteElo "1934"]
[BlackElo "2544"]
[PlyCount "106"]
[EventDate "2021.03.02"]
[EventType "swiss (blitz)"]
[EventRounds "11"]
[EventCountry "USA"]
[SourceTitle "CBM 201 Extra"]
[Source "ChessBase"]
[SourceDate "2021.05.31"]
[SourceVersion "1"]
[SourceVersionDate "2021.05.31"]
[SourceQuality "1"]

1. d4 Nf6 2. Bf4 b6 3. Nf3 Bb7 4. e3 d6 5. h3 g6 6. Nbd2 Bg7 7. c3 0-0 8. Be2 Nbd7 9. 0-0 Re8 10. Bh2 e5 11. dxe5 dxe5 12. Nc4 e4 13. Nd4 a6 14. Bg4 Nc5 15. Be2 Nd3 16. Bxd3 exd3 17. Ne5 c5 18. Ndf3 Bxf3 19. Qxf3 Nd5 20. Qxf7+ Kh8 21. Nc6 Qg5 22. h4 Qh5 23. Rad1 c4 24. Qf3 Qxf3 25. gxf3 Rac8 26. Nd4 b5 27. Rc1 Bf6 28. Bg3 Kg7 29. Rfd1 Kf7 30. a4 b4 31. e4 bxc3 32. bxc3 Nxc3 33. e5 Ne2+ 34. Nxe2 dxe2 35. Re1 Bxe5 36. Rxe2 Bf6 37. Rxe8 Kxe8 38. Kf1 c3 39. Ke2 Rc4 40. Kd3 Rxa4 41. Re1+ Kf7 42. f4 Ra2 43. Rd1 a5 44. h5 Ke6 45. hxg6 hxg6 46. Re1+ Kf5 47. Rd1 a4 48. Rb1 Rd2+ 49. Ke3 a3 50. Rb5+ Ke6 51. Rb6+ Rd6 52. Rb3 a2 53. Ra3 c2 0-1

[Event "Titled Tuesday intern op 02nd Mar"]
[Site "Chess.com INT"]
[Date "2021.03.02"]
[Round "8"]
[White "Costachi, Mihnea"]
[Black "Camlar, Arda"]
[Result "1/2-1/2"]
[WhiteElo "2471"]
[BlackElo "1934"]
[PlyCount "227"]
[EventDate "2021.03.02"]
[EventType "swiss (blitz)"]
[EventRounds "11"]
[EventCountry "USA"]
[SourceTitle "CBM 201 Extra"]
[Source "ChessBase"]
[SourceDate "2021.05.31"]
[SourceVersion "1"]
[SourceVersionDate "2021.05.31"]
[SourceQuality "1"]

1. d4 d5 2. c4 c6 3. Nf3 Nf6 4. Nc3 e6 5. Bg5 Nbd7 6. e3 Be7 7. cxd5 exd5 8. Bd3 0-0 9. Qc2 Re8 10. h3 Nf8 11. Bf4 Ng6 12. Bh2 Bd6 13. Bxd6 Qxd6 14. 0-0 Qe7 15. Rab1 Ne4 16. Nd2 f5 17. b4 Nh4 18. Nf3 Nxf3+ 19. gxf3 Ng5 20. f4 Nxh3+ 21. Kg2 Qh4 22. Bxf5 Nxf4+ 23. exf4 Qxf4 24. Bxh7+ Kf8 25. Ne2 Rxe2 26. Qg6 Qh4 27. Rb3 Re6 28. Rf3+ Rf6 29. Rxf6+ Qxf6 30. Qxf6+ gxf6 31. Bd3 Be6 32. Rh1 Bg8 33. Rh6 Kg7 34. Rg6+ Kf7 35. Rg3 Kf8 36. Rg6 Kf7 37. Rg4 Kf8 38. Bg6 Be6 39. Rh4 Kg7 40. Bd3 Rh8 41. Rf4 Rh3 42. f3 Rh8 43. a4 Kf7 44. b5 cxb5 45. axb5 Ke7 46. Kf2 Rh2+ 47. Ke3 Kf7 48. Bb1 Rb2 49. Bd3 Bd7 50. Rh4 b6 51. Rh7+ Ke8 52. Rh8+ Ke7 53. Rh7+ Kd6 54. Rf7 Bxb5 55. Bxb5 Rxb5 56. Rxa7 Rb3+ 57. Kf4 Rb4 58. Kf5 Rxd4 59. Rb7 Kc6 60. Rb8 Rd3 61. f4 Rf3 62. Rf8 d4 63. Rxf6+ Kc5 64. Ke4 Rf1 65. Rf8 Re1+ 66. Kd3 Re3+ 67. Kd2 Rh3 68. f5 b5 69. f6 Rf3 70. f7 Kb4 71. Ke2 Rf6 72. Kd3 Rf4 73. Kd2 Kb3 74. Rb8 Rxf7 75. Rxb5+ Kc4 76. Rh5 Rf2+ 77. Ke1 Ra2 78. Rh3 Rc2 79. Kd1 Rc3 80. Rh8 Rd3+ 81. Kc2 Rc3+ 82. Kd2 Rd3+ 83. Kc2 Rc3+ 84. Kd2 Rd3+ 85. Ke2 Re3+ 86. Kf2 Kd3 87. Ra8 Re7 88. Ra3+ Ke4 89. Ke2 Rh7 90. Rg3 Rh2+ 91. Kd1 Kd5 92. Rg8 Kc4 93. Rg3 Ra2 94. Rh3 Rb2 95. Kc1 Rb3 96. Rh8 Rg3 97. Kd2 Rg2+ 98. Kd1 Kc3 99. Rc8+ Kd3 100. Kc1 Rg1+ 101. Kb2 Kd2 102. Rh8 Rg2 103. Rh1 d3 104. Kb3 Rg6 105. Rh2+ Ke3 106. Rh3+ Ke2 107. Rh2+ Kd1 108. Kc3 d2 109. Rh1+ Ke2 110. Rh2+ Ke3 111. Rh3+ Ke2 112. Rh2+ Ke3 113. Rh3+ Ke2 114. Rh2+ 1/2-1/2

[Event "Titled Tuesday intern op 02nd Mar"]
[Site "Chess.com INT"]
[Date "2021.03.02"]
[Round "3"]
[White "Quirke, Jeffrey"]
[Black "Camlar, Arda"]
[Result "0-1"]
[WhiteElo "2107"]
[BlackElo "1934"]
[PlyCount "84"]
[EventDate "2021.03.02"]
[EventType "swiss (blitz)"]
[EventRounds "11"]
[EventCountry "USA"]
[SourceTitle "CBM 201 Extra"]
[Source "ChessBase"]
[SourceDate "2021.05.31"]
[SourceVersion "1"]
[SourceVersionDate "2021.05.31"]
[SourceQuality "1"]

1. d4 d5 2. c4 c6 3. Nc3 Nf6 4. e3 e6 5. Nf3 Nbd7 6. Qc2 Be7 7. Bd3 dxc4 8. Bxc4 b5 9. Bd3 Bb7 10. e4 h6 11. 0-0 a6 12. e5 Nd5 13. Nxd5 cxd5 14. Ne1 Rc8 15. Qe2 Qb6 16. Be3 Nb8 17. f4 g6 18. Nf3 Nc6 19. g4 Nb4 20. f5 Nxd3 21. Qxd3 gxf5 22. gxf5 exf5 23. Kh1 f4 24. Bxf4 Qg6 25. Qxg6 fxg6 26. Rac1 Rxc1 27. Bxc1 Bc8 28. Ne1 Bf5 29. Kg1 Kd7 30. Bf4 Be4 31. Ng2 g5 32. Bg3 Rc8 33. Ne3 Ke6 34. Kf2 h5 35. h3 g4 36. hxg4 h4 37. Bh2 Bg5 38. Ke2 h3 39. Rf2 b4 40. Nf5 Rc2+ 41. Ke1 Rc1+ 42. Ke2 Rb1 0-1

[Event "Titled Tuesday intern op 16th Feb"]
[Site "Chess.com INT"]
[Date "2021.02.16"]
[Round "11"]
[White "Camlar, Arda"]
[Black "Costachi, Mihnea"]
[Result "0-1"]
[WhiteElo "1934"]
[BlackElo "2471"]
[PlyCount "86"]
[EventDate "2021.02.16"]
[EventType "swiss (blitz)"]
[EventRounds "11"]
[EventCountry "USA"]
[SourceTitle "EXT 2022"]
[Source "ChessBase"]
[SourceDate "2021.10.06"]
[SourceVersion "1"]
[SourceVersionDate "2021.10.06"]
[SourceQuality "1"]

1. d4 Nf6 2. Bf4 g6 3. Nf3 Bg7 4. e3 0-0 5. Nbd2 d6 6. h3 b6 7. c3 Bb7 8. Bd3 Nbd7 9. Bh2 Qe8 10. 0-0 e5 11. dxe5 dxe5 12. e4 Nc5 13. Bc2 Nfxe4 14. Nxe4 Nxe4 15. Re1 f5 16. Bxe4 Bxe4 17. Qb3+ Kh8 18. Ng5 Bb7 19. Ne6 f4 20. Nxf8 Qc6 21. f3 Rxf8 22. Kh1 g5 23. Qc2 Qe6 24. Rad1 h5 25. Qb3 Qf5 26. Rd5 g4 27. c4 gxh3 28. gxh3 Bxd5 29. cxd5 Qxh3 30. Qd3 Qf5 31. Qxf5 Rxf5 32. Bg1 Bf8 33. Rc1 Bd6 34. Bf2 Rg5 35. Bh4 Rg8 36. a3 Kg7 37. Rg1+ Kf7 38. Rc1 a5 39. Kh2 b5 40. Be1 b4 41. a4 Kf6 42. b3 e4 43. Bh4+ Kf5 0-1